000 00379nam a2200145Ia 4500
008 230711s9999||||xx |||||||||||||| ||und||
041 _aENG
082 _a720
_bGU-D
100 _aGupta,A.K
245 0 _aDirectory of manufacturers & dealers of building industry
250 _a1st Ed.
260 _c1994
_aNew Delhi
_bCouncil of Architecture
650 _aLiterature
942 _cBK
999 _c3111
_d3111